000
00308nam a22001337a 4500
008
170411b xxu||||| |||| 00| 0 eng d
020
_a
9781416041016
041
_a
eng
080
_2
5 ED
_a
618
100
_a
10
101
_a
SHM
245
_a
VIRTUAL CLINICAL EXURSION
_c
HAMILTON.B.W
942
_2
udc
_c
BK
999
_c
10434
_d
10434